Glimpses of Indian engineering and technology : ancient and medieval period (Record no. 12828)

MARC details
000 -LEADER
fixed length control field 00415nam a22001457a 4500
003 - CONTROL NUMBER IDENTIFIER
control field OSt
008 - FIXED-LENGTH DATA ELEMENTS--GENERAL INFORMATION
fixed length control field 240827b |||||||| |||| 00| 0 eng d
020 ## - INTERNATIONAL STANDARD BOOK NUMBER
International Standard Book Number 9788121512671
082 ## - DEWEY DECIMAL CLASSIFICATION NUMBER
Classification number 620.05
Item number KUG
100 ## - MAIN ENTRY--PERSONAL NAME
Personal name KULKARNI, R P
245 ## - TITLE STATEMENT
Title Glimpses of Indian engineering and technology : ancient and medieval period
260 ## - PUBLICATION, DISTRIBUTION, ETC. (IMPRINT)
Place of publication, distribution, etc New Delhi:
Name of publisher, distributor, etc Munshiram Manoharlal Pub,
Date of publication, distribution, etc 2018.
300 ## - PHYSICAL DESCRIPTION
Extent xix,385p.
942 ## - ADDED ENTRY ELEMENTS (KOHA)
Source of classification or shelving scheme Dewey Decimal Classification
Koha item type Text Books
Holdings
Withdrawn status Lost status Source of classification or shelving scheme Damaged status Not for loan Collection code Home library Current library Date acquired Source of acquisition Currency Cost, normal purchase price Bill Number Total Checkouts Full call number Acc. no. / Barcode Checked out Date last seen Date last borrowed Actual Cost, discounted price Bill Date Koha item type
    Dewey Decimal Classification     IKS- Indian Knowledge System PIET C-LIBRARY PIET C-LIBRARY 27/08/2024 Zafaa Books and Distributors INR 3000.00 ZBD0134 1 620.05 KUG 38387 18/08/2025 28/01/2025 28/01/2025 2250.00 12/08/2024 Text Books

Design & Developed by: PIET Central Library
R70 Miles Stone Pattikalyana Samalkha Panipat 132102
mail ID :- [email protected], Phone No:- 0180-2569700 Ex.216